[Event "GER-ch21 (Women) email"]
[Site "GER email"]
[Date "2007.09.20"]
[Round "?"]
[White "Schramm, Leonore"]
[Black "Zaruba, Ines"]
[Result "0-1"]
[WhiteElo "1713"]
[BlackElo "1640"]
[PlyCount "40"]
[EventDate "2007.??.??"]
[EventType "tourn (corr)"]
[EventRounds "10"]
[EventCountry "GER"]
[SourceTitle "Corr 2011"]
[Source "ChessBase"]
[SourceDate "2010.08.31"]
[SourceVersion "1"]
[SourceVersionDate "2010.08.31"]
[SourceQuality "1"]

1. Nf3 Nf6 2. c4 e6 3. g3 d5 4. Bg2 Be7 5. 0-0 0-0 6. b3 c5 7. Bb2 Nc6 8. cxd5 exd5 9. d4 Bg4 10. dxc5 Bxc5 11. Qc2 Ne4 12. Nc3 Nb4 13. Qb1 Bxf3 14. Bxf3 Nd2 15. Qf5 Nxf1 16. Nxd5 Nd2 17. Nf6+ gxf6 18. Bxf6 Nxf3+ 19. exf3 Bxf2+ 20. Kg2 Qd3 0-1

[Event "GER-ch21 (Women) email"]
[Site "GER email"]
[Date "2007.09.20"]
[Round "?"]
[White "Schweer, Victoria"]
[Black "Zaruba, Ines"]
[Result "1/2-1/2"]
[WhiteElo "1640"]
[BlackElo "1640"]
[PlyCount "106"]
[EventDate "2007.??.??"]
[EventType "tourn (corr)"]
[EventRounds "10"]
[EventCountry "GER"]
[SourceTitle "Corr 2011"]
[Source "ChessBase"]
[SourceDate "2010.08.31"]
[SourceVersion "1"]
[SourceVersionDate "2010.08.31"]
[SourceQuality "1"]

1. e4 c6 2. d4 d5 3. Nc3 dxe4 4. Nxe4 Nd7 5. Ng5 Ngf6 6. Bd3 e6 7. N1f3 Bd6 8. Qe2 h6 9. Ne4 Nxe4 10. Qxe4 Nf6 11. Qe2 Qc7 12. Bd2 b6 13. 0-0-0 Bb7 14. Kb1 0-0-0 15. c4 c5 16. Bc3 h5 17. h3 h4 18. Rhe1 Bf4 19. Bc2 cxd4 20. Rxd4 Rxd4 21. Bxd4 Kb8 22. b3 a6 23. Rd1 Ka7 24. a4 a5 25. Bb2 Bxf3 26. Qxf3 Be5 27. Bc1 Rd8 28. Rxd8 Qxd8 29. Qd3 Qd4 30. Qxd4 Bxd4 31. f3 Nh5 32. f4 Ng3 33. Bd1 Nf5 34. Bg4 Ne3 35. Bf3 Kb8 36. Bd2 Kc7 37. Be1 Nf5 38. Kc2 Be3 39. Bg4 Ng3 40. Bc3 Bxf4 41. Bxg7 f5 42. Bf3 e5 43. Bd5 Ne2 44. Bf6 Bg3 45. Kd1 Nd4 46. c5 bxc5 47. Be7 c4 48. Bxc4 Nc6 49. Bc5 Nb4 50. Be6 f4 51. Be7 e4 52. Bg8 Nd3 53. Bh7 Nf2+ 1/2-1/2

[Event "GER-ch21 (Women) email"]
[Site "GER email"]
[Date "2007.09.20"]
[Round "?"]
[White "Vinken, Stefanie"]
[Black "Zaruba, Ines"]
[Result "0-1"]
[WhiteElo "1593"]
[BlackElo "1640"]
[PlyCount "60"]
[EventDate "2007.??.??"]
[EventType "tourn (corr)"]
[EventRounds "10"]
[EventCountry "GER"]
[SourceTitle "Corr 2011"]
[Source "ChessBase"]
[SourceDate "2010.08.31"]
[SourceVersion "1"]
[SourceVersionDate "2010.08.31"]
[SourceQuality "1"]

1. d4 d5 2. c4 e6 3. Nc3 Nf6 4. Bg5 Be7 5. Nf3 h6 6. Bh4 0-0 7. e3 b6 8. Rc1 Bb7 9. cxd5 Nxd5 10. Bxe7 Qxe7 11. Be2 Nxc3 12. bxc3 Nd7 13. 0-0 e5 14. Qc2 e4 15. Nd2 Rfe8 16. Qb3 a6 17. Rb1 Qg5 18. Bc4 Re7 19. a4 Rae8 20. h3 Nf6 21. Qc2 a5 22. Bb5 Rd8 23. Be2 Nd5 24. c4 Nxe3 25. fxe3 Qxe3+ 26. Rf2 Qxd4 27. Nb3 Qe5 28. c5 e3 29. Rff1 Be4 30. Qc1 Qg3 0-1

[Event "GER-ch21 (Women) email"]
[Site "GER email"]
[Date "2007.09.20"]
[Round "?"]
[White "Zaruba, Ines"]
[Black "Schuelert, Irmtraud"]
[Result "1-0"]
[WhiteElo "1640"]
[BlackElo "1896"]
[PlyCount "51"]
[EventDate "2007.??.??"]
[EventType "tourn (corr)"]
[EventRounds "10"]
[EventCountry "GER"]
[SourceTitle "Corr 2011"]
[Source "ChessBase"]
[SourceDate "2010.08.31"]
[SourceVersion "1"]
[SourceVersionDate "2010.08.31"]
[SourceQuality "1"]

1. e4 c5 2. c3 Nc6 3. d4 cxd4 4. cxd4 d6 5. Nf3 Nf6 6. d5 Nb8 7. Nc3 g6 8. Be3 Bg7 9. Be2 0-0 10. 0-0 b6 11. Nd4 Ba6 12. Rc1 Bxe2 13. Qxe2 Nfd7 14. Qd2 Na6 15. Bh6 Rc8 16. Bxg7 Kxg7 17. Nc6 Qe8 18. f4 Ndb8 19. Qd4+ f6 20. Nxa7 Rc5 21. b4 Rc7 22. Ncb5 Rxc1 23. Rxc1 Nd7 24. Qc4 Qd8 25. Nd4 Ndb8 26. Ne6+ 1-0